Tính đa dạng, hiện trạng phân loại và bảo tồn của họ dơi lá mũi (Chiroptera: Rhinolophidae) ở Việt Nam /
Shranjeno v:
| Glavni avtor: | |
|---|---|
| Drugi avtorji: | , , , , , , |
| Format: | Bài viết |
| Jezik: | Vietnamese |
| Teme: | |
| Oznake: |
Označite
Brez oznak, prvi označite!
|
| Thư viện lưu trữ: | Thư viện Trường Đại học Đà Lạt |
|---|
| LEADER | 01184nam a2200373 4500 | ||
|---|---|---|---|
| 001 | DLU190190437 | ||
| 005 | ##20190411 | ||
| 040 | # | # | |a DLU |b vie |
| 041 | # | # | |a vie |
| 044 | # | # | |a vn |
| 100 | # | # | |a Hoàng Trung Thành. |
| 245 | # | # | |a Tính đa dạng, hiện trạng phân loại và bảo tồn của họ dơi lá mũi (Chiroptera: Rhinolophidae) ở Việt Nam / |c Hoàng Trung Thành, ...[và những người khác]. |
| 653 | # | # | |a Đa dạng |
| 653 | # | # | |a Dơi lá mũi |
| 653 | # | # | |a Phân loại học |
| 653 | # | # | |a Tình trạng bảo tồn |
| 653 | # | # | |a Việt Nam |
| 700 | # | # | |a Đinh Nho Thái. |
| 700 | # | # | |a Nguyễn Huy Hoàng. |
| 700 | # | # | |a Nguyễn Trường Sơn. |
| 700 | # | # | |a Nguyễn Văn Sáng. |
| 700 | # | # | |a Nguyễn Xuân Huấn. |
| 700 | # | # | |a Vũ Đình Thống. |
| 700 | # | # | |a Vương Tân Tú. |
| 773 | # | # | |t Tạp chí Sinh học |g Số 2, 2017, tr. 161-171 |
| 920 | # | # | |a Phòng Sau đại học -- Trung tâm Thông tin - Thư viện Trường Đại học Đà Lạt |
| 994 | # | # | |a DLU |
| 900 | # | # | |a True |
| 911 | # | # | |a Hoàng Thị Huyền |
| 925 | # | # | |a G |
| 926 | # | # | |a A |
| 927 | # | # | |a BB |
| 980 | # | # | |a Thư viện Trường Đại học Đà Lạt |